000 00647 a2200181 4500
999 _c5667
_d5667
010 _aENG-86996
020 _a8188661481
_c250.00
035 _aEN-70529
037 _bDBAD / PUB
082 1 4 _a650.1
100 1 _aNatrajan, Ganesh
245 1 _aInspired :
_cby Ganesh Natrajan [and] Manjiri Gokhale
_bhow to create a formula for success in life and work /
260 _aChennai
_bEast West Books (Madras)
_c2006
270 _a571, Poonamalle High Road, Kamraj Bhawan, Aminjikarai
_bChennai
_e600 029
_mewb@touchtelindia.net
300 _axxv, 190p
_c22 cm (Pbk)
700 1 _aGokhale, Manjiri
942 _adpl
_cEN
_2ddc
_h650.1
_mNAT